|
|
|
|
| LEADER |
00000naa2a2200000 4500 |
| 001 |
606063 |
| 005 |
20231102022958.0 |
| 035 |
|
|
|a (RuTPU)RU\TPU\conf\3426
|
| 035 |
|
|
|a RU\TPU\conf\3424
|
| 090 |
|
|
|a 606063
|
| 100 |
|
|
|a 20140515d2014 k y0rusy50 ca
|
| 101 |
0 |
|
|a rus
|
| 102 |
|
|
|a RU
|
| 105 |
|
|
|a y z 101zy
|
| 135 |
|
|
|a drcn ---uucaa
|
| 181 |
|
0 |
|a i
|
| 182 |
|
0 |
|a b
|
| 200 |
1 |
|
|a Индивидуализация обучения математике в техническом вузе в создании условий саморазвития студентов
|f И. Н. Гущина, Н. С. Пушкарева, Л. Б. Гиль
|
| 203 |
|
|
|a Текст
|c электронный
|
| 225 |
1 |
|
|a Прикладные задачи математики в области инженерных наук
|
| 230 |
|
|
|a 1 компьютерный файл (pdf; 293 Кб)
|
| 300 |
|
|
|a Заглавие с титульного экрана
|
| 320 |
|
|
|a [Библиогр.: с. 352 (3 назв.)]
|
| 337 |
|
|
|a Adobe Reader
|
| 463 |
|
0 |
|0 (RuTPU)RU\TPU\conf\3116
|t Современное состояние и проблемы естественных наук
|o сборник трудов Всероссийской научно-практической конференции молодых ученых, аспирантов и студентов, г. Юрга, 17-18 апреля 2014 г.
|f Национальный исследовательский Томский политехнический университет (ТПУ), Юргинский технологический институт (филиал) (ЮТИ), Кафедра естественного научного образования (ЕНО) ; под ред. Е. В. Полицинского и др.
|v [С. 350-352]
|d 2014
|
| 610 |
1 |
|
|a труды учёных ТПУ
|
| 610 |
1 |
|
|a электронный ресурс
|
| 610 |
1 |
|
|a индивидуализация
|
| 610 |
1 |
|
|a обучение
|
| 610 |
1 |
|
|a математика
|
| 610 |
1 |
|
|a технические вузы
|
| 610 |
1 |
|
|a саморазвитие
|
| 610 |
1 |
|
|a студенты
|
| 700 |
|
1 |
|a Гущина
|b И. Н.
|
| 701 |
|
1 |
|a Пушкарева
|b Н. С.
|
| 701 |
|
1 |
|a Гиль
|b Л. Б.
|c математик
|c доцент Юргинского технологического института (филиала) Томского политехнического университета, кандидат педагогических наук
|f 1963-
|g Людмила Болеславна
|2 stltpush
|3 (RuTPU)RU\TPU\pers\24511
|9 10830
|
| 712 |
0 |
2 |
|a Национальный исследовательский Томский политехнический университет (ТПУ)
|b Юргинский технологический институт (филиал) (ЮТИ)
|b Кафедра естественного научного образования (ЕНО)
|h 7134
|2 stltpush
|3 (RuTPU)RU\TPU\col\18894
|
| 801 |
|
2 |
|a RU
|b 63413507
|c 20150817
|g RCR
|
| 856 |
4 |
|
|u http://www.lib.tpu.ru/fulltext/c/2014/C68/112.pdf
|
| 942 |
|
|
|c BK
|